| 000 | 00351nam a2200145Ia 4500 | ||
|---|---|---|---|
| 008 | 230917s9999||||xx |||||||||||||| ||und|| | ||
| 040 |
_e47800 _aMAIN |
||
| 041 | _aEnglish | ||
| 082 | _a843.6 B219S | ||
| 100 | _aBlazac, Honore de | ||
| 245 | 0 | _aSelected shor stories | |
| 260 |
_aMiddlesex _bPenguin Books _c1977 |
||
| 300 | _a270 p. | ||
| 942 | _cBK | ||
| 999 |
_c191318 _d191318 |
||